000 00664nam a22001937a 4500
003 OSt
005 20240605061936.0
008 240605b |||||||| |||| 00| 0 eng d
020 _a9718614549
040 _aDWC- Main Lib
_cOC
082 _aFil. 624 G477c 2006
100 _aGillesania, Diego Inicensio T.
245 _aCivil Engineering reference :
_bfor licensure examination volume 4 /
_cDiego Inicensio T. Gillesania.
250 _a5th edition
260 _aCebu City :
_bDiego Inocencio Tapang Gillesania,
_cc2006.
300 _a658 pages :
_billustrations;
_c21cm.
650 _a1. Civil Engineering – Examination, questions etc.
942 _2ddc
_cBK - FIL
_n1
999 _c191
_d191